[Event "Ship Zenith op 8th"]
[Site "Ship Zenith"]
[Date "2019.11.14"]
[Round "7.9"]
[White "Lucena Cifre, Rafael"]
[Black "Munoz Prior, Marcelo"]
[Result "1/2-1/2"]
[WhiteElo "1503"]
[BlackElo "1479"]
[PlyCount "53"]
[EventDate "2019.11.09"]
[EventType "swiss"]
[EventRounds "8"]
[EventCountry "ESP"]
[SourceTitle "EXT 2024"]
[Source "ChessBase"]
[SourceDate "2023.10.10"]
[SourceVersion "1"]
[SourceVersionDate "2023.10.10"]
[SourceQuality "1"]

1. e4 g6 2. d4 Bg7 3. Nf3 d6 4. Bc4 e6 5. c3 Nd7 6. 0-0 Ne7 7. Be3 0-0 8. Qd2 Re8 9. Bh6 Bh8 10. Ng5 Nf8 11. Qf4 f6 12. Bxf8 fxg5 13. Bxe7 gxf4 14. Bxd8 Rxd8 15. Bb3 d5 16. e5 b6 17. Nd2 c5 18. Nf3 h6 19. h4 Ba6 20. Rfe1 Bd3 21. Rac1 c4 22. Bc2 Bxc2 23. Rxc2 a5 24. a4 Rdb8 25. g3 Rf8 26. Kg2 Bg7 27. Rb1 1/2-1/2

[Event "Ship Zenith op 8th"]
[Site "Ship Zenith"]
[Date "2019.11.13"]
[Round "5.7"]
[White "Martel Bruniaux, Malko"]
[Black "Lucena Cifre, Rafael"]
[Result "1/2-1/2"]
[WhiteElo "1543"]
[BlackElo "1503"]
[PlyCount "34"]
[EventDate "2019.11.09"]
[EventType "swiss"]
[EventRounds "8"]
[EventCountry "ESP"]
[SourceTitle "EXT 2024"]
[Source "ChessBase"]
[SourceDate "2023.10.10"]
[SourceVersion "1"]
[SourceVersionDate "2023.10.10"]
[SourceQuality "1"]

1. d4 d5 2. Nf3 Nf6 3. c4 c6 4. Qc2 g6 5. Bf4 Bg7 6. g3 0-0 7. Bg2 Bf5 8. Qb3 Qc8 9. cxd5 cxd5 10. Nc3 e6 11. Rc1 Nc6 12. Ne5 Na5 13. Qb4 Nc4 14. Nxc4 Qxc4 15. Qxc4 dxc4 16. e4 g5 17. Bxg5 Bg6 1/2-1/2